| 000 | 00611nam a22002057a 4500 | ||
|---|---|---|---|
| 003 | OSt | ||
| 005 | 20140310183046.0 | ||
| 008 | 130227t xxu||||| |||| 00| 0 eng d | ||
| 020 | _a9710869914 | ||
| 050 |
_aPL 6054 _b.M553 2009 |
||
| 082 |
_aFIL 808.0427 _b.M553 2009 |
||
| 245 |
_aSining ng pakikipagtalastasan : pangkolehiyo _cMercene, Felisa Principe, de Leon, Zenaida Sunga, Cabaysa, William Gonzales |
||
| 260 |
_aMandaluyong City _bNational Book Store _cc2009 |
||
| 300 |
_a320 p. _c22 cm. |
||
| 521 | _aCollege | ||
| 526 | _c1210L1700L | ||
| 541 | _j1 | ||
| 562 | _e1 | ||
| 942 |
_2lcc _cBK _kFIL |
||
| 999 |
_c18596 _d18596 |
||